Synthesis Of 99m Tc-HYNIC-5-Fu As Imaging Probe Its Biodistribution Studies In Animal Model / (Record no. 529384)

000 -LEADER
fixed length control field 00620nam a22001697a 4500
020 ## - INTERNATIONAL STANDARD BOOK NUMBER
Qualifying information Hard Cover.
082 ## - DEWEY DECIMAL CLASSIFICATION NUMBER
Classification number 620.1
100 ## - MAIN ENTRY--PERSONAL NAME
Personal name Kiani, Maria Mehboob
245 ## - TITLE STATEMENT
Title Synthesis Of 99m Tc-HYNIC-5-Fu As Imaging Probe Its Biodistribution Studies In Animal Model /
Statement of responsibility, etc. Maria Mehboob Kiani.
260 ## - PUBLICATION, DISTRIBUTION, ETC.
Place of publication, distribution, etc. Islamabad:
Name of publisher, distributor, etc. SMME - NUST.
Date of publication, distribution, etc. 2017.
300 ## - PHYSICAL DESCRIPTION
Extent 55 p.: ill.;
Dimensions 30cm.
650 ## - SUBJECT ADDED ENTRY--TOPICAL TERM
Topical term or geographic name entry element Mechanical Engineering MS-Thesis.
700 ## - ADDED ENTRY--PERSONAL NAME
Personal name Dr. Muhammad Nabee Anwar.
856 ## - Uniform Resource Identifier
Uniform Resource Identifier <a href="http://10.250.8.41:8080/xmlui/handle/123456789/35624">http://10.250.8.41:8080/xmlui/handle/123456789/35624</a>
942 ## - ADDED ENTRY ELEMENTS (KOHA)
Source of classification or shelving scheme
Koha item type Thesis
650 ## - SUBJECT ADDED ENTRY--TOPICAL TERM
-- 16090
700 ## - ADDED ENTRY--PERSONAL NAME
-- 21332
Holdings
Withdrawn status Lost status Source of classification or shelving scheme Damaged status Not for loan Permanent Location Current Location Shelving location Date acquired Full call number Barcode Date last seen Price effective from Non-public note Koha item type
          Central Library (CL) Central Library (CL) Thesis 09/25/2019 620.1 CL-T-1513 09/25/2019 09/25/2019 Minute Sheet No. 0929/02/CL/Survey/5 dated 23rd April 2024 E-MIN ID 114741 Thesis
© 2023 Central Library, National University of Sciences and Technology. All Rights Reserved.